| 000 | 00569nam a2200181 i 4500 | ||
|---|---|---|---|
| 001 | 94334 | ||
| 003 | ES-MaACL | ||
| 005 | 20250729063209.0 | ||
| 007 | t| | ||
| 008 | 050428s1973 sp ||||1| spa d | ||
| 100 | 1 |
_aLópez Yepes, José, _d1946-2023 _974043 |
|
| 245 | 1 | 3 |
_aLa Caja de Ahoros de Santander / _cJosé López Yepes, Félix Sagredo Fernández. |
| 260 |
_aSantander : _bCaja de Ahorros, _c1973. |
||
| 300 |
_a94 p. ; _c21 cm. |
||
| 700 | 1 |
_aSagredo Fernández, Félix. _9101453 |
|
| 852 |
_aES-MaACL _jC-52977 _bR.86207 |
||
| 999 |
_c94334 _d94334 |
||